| 000 | 00681nam a22002417a 4500 | ||
|---|---|---|---|
| 003 | OSt | ||
| 005 | 20220107122858.0 | ||
| 008 | 200127b xxu||||| |||| 00| 0 eng d | ||
| 020 | _a9788126578511 | ||
| 040 | _cIIITMK | ||
| 082 | _a006.31 SRI/M | ||
| 100 |
_aSrinivasaraghavan, Anuradha _917526 |
||
| 245 |
_aMachine Learning _cAnuradha Srinivasaraghavan |
||
| 260 |
_aNew Delhi, _bWiley, _c2019. |
||
| 300 | _axix, 308p. | ||
| 650 |
_aCOMPUTER SCIENCE _917527 |
||
| 650 |
_aMACHINE LEARNING _917528 |
||
| 650 |
_aARTIFICIAL INTELLIGENCE _917696 |
||
| 650 |
_aPYTHON _917697 |
||
| 650 |
_aARTIFICIAL NEURAL NETWORKS _917698 |
||
| 700 |
_aJoseph,Vincy _917529 |
||
| 942 |
_2ddc _cBK |
||
| 999 |
_c6704 _d6704 |
||